[Event "Tarrega Tardor op 1st"]
[Site "Tarrega"]
[Date "2015.10.23"]
[Round "4"]
[White "Massot Ribe, Jesus"]
[Black "Nadal Gene, Ramon"]
[Result "1-0"]
[WhiteElo "1965"]
[BlackElo "1832"]
[PlyCount "57"]
[EventDate "2015.10.02"]
[EventType "swiss"]
[EventRounds "8"]
[EventCountry "ESP"]
[SourceTitle "CBM 169 Extra"]
[Source "ChessBase"]
[SourceDate "2015.12.18"]
[SourceVersion "1"]
[SourceVersionDate "2015.12.18"]
[SourceQuality "1"]

1. d4 Nf6 2. c4 e6 3. Nf3 d5 4. g3 Be7 5. Bg2 0-0 6. 0-0 c5 7. b3 Nc6 8. cxd5 Nxd5 9. Bb2 Nf6 10. dxc5 Ne4 11. Qc2 Nxc5 12. Rd1 Qb6 13. Nbd2 Nd7 14. Nc4 Qc5 15. Rac1 Qh5 16. Nd6 Nf6 17. Ne4 Nb4 18. Nxf6+ gxf6 19. Qc7 Re8 20. Ba3 Na6 21. Qxe7 Rxe7 22. Rd8+ Kg7 23. Bxe7 Qa5 24. Bf8+ Kg6 25. Nh4+ Kg5 26. f4+ Kg4 27. Kf2 Qxd8 28. h3+ Kh5 29. Bf3# 1-0